Famiglia, un tempio da difendere (Record n. 225151)
[ formato base ]
| 000 -LEADER | |
|---|---|
| campo di controllo lung. fissa | 00717nas a2200229Ia 4500 |
| 001 - Numero di controllo | |
| campo di controllo | A50/R191-21530 [r000045666] |
| 003 - Identificatore del numero di controllo | |
| campo di controllo | IT-MiCISF |
| 005 - Data e orario dell'ultima transazione | |
| campo di controllo | 20250326150625.0 |
| 008 - Elementi di lunghezza fissa--Informazione generale | |
| campo di controllo lung. fissa | 161014c99999999xx |||||||||||| ||und|| |
| 040 ## - Fonte della catalogazione | |
| Agenzia catalografica originale | IT-MiCISF |
| Agenzia che fa la trascrizione | IT-MiCISF |
| 041 ## - Codice di lingua | |
| Codice di lingua del testo/traccia sonora o titolo separato | it |
| 100 ## - Accesso principale -- nome di persona | |
| Nome di persona | Casini Carlo |
| 9 (RLIN) | 56404 |
| 245 #0 - Formulazione del titolo | |
| Titolo | Famiglia, un tempio da difendere |
| 250 ## - Formulazione di edizione | |
| Formulazione di edizione | "Sì alla vita", n. 1, gennaio |
| 260 ## - Pubblicazione, distribuzione, ecc. (stampa) | |
| Data di pubblicazione, distribuzione, ecc. | 1994 |
| 300 ## - Descrizione fisica | |
| Estensione | pp. 7-19 |
| 500 ## - Nota generale | |
| Nota generale | famiglia, accoglienza-della-vita, aborto, modello-famiglia, valori, esperienze |
| 650 ## - Accesso aggiunto di soggetto--termine topico | |
| Termine topico o nome geografico come accesso | FAMIGLIA |
| Suddivisione geografica | dossier |
| 9 (RLIN) | 60572 |
| 700 ## - Accesso aggiunto--nome di persona | |
| Nome di persona | Blangiardo G., Rossi G., Tagliferri F., Campanini G., Nardi D., Liverani P.G. |
| 9 (RLIN) | 61999 |
| 942 ## - Dati aggiuntivi (Koha) | |
| Tipo copia default (Koha) | RIVISTA |
| Fonte della classificazione o dello schema di collocazione (segnatura) | Dewey Decimal Classification |
| 999 ## - Sys Number locale (Koha) | |
| Koha Dewey Subclass [OBSOLETE] | Si |
| Ritirato (status) | Perso (status) | Danneggiato (status) | Non per il presito | Biblioteca proprietaria | Biblioteca in cui si trova | Data d'acquisizione | Totale prestiti | Collocazione | Data ultima operazione | Prezzo in vigore dal | Tipo copia default (Koha) | Nota pubblica |
|---|---|---|---|---|---|---|---|---|---|---|---|---|
| Buone Condizioni | Not For Loan | CISF - Milano | CISF - Milano | 14/10/2016 | A50/R191-21530 [r000045666] | 14/10/2016 | 14/10/2016 | RIVISTA | Data import 15.10.2016 / by Epidotti, Vaglietti |